| 000 | 00639nam a22002057a 4500 | ||
|---|---|---|---|
| 003 | OSt | ||
| 005 | 20260128094222.0 | ||
| 008 | 210907b ||||| |||| 00| 0 eng d | ||
| 040 | _cOSt | ||
| 041 | _ashan | ||
| 082 | _a294.363 | ||
| 100 |
_aသုၶမ်း _cၸဝ်ႈ (တၢင်ႉယၢၼ်း) |
||
| 245 | _aပိုၼ်းၽြႃးၸဝ်ႈၵေႃးတမ | ||
| 260 |
_aတႃႈၵုင်ႈ _bဢေး _c2016 |
||
| 300 |
_aIII၊ 373 ၼႃႈ _c20 ၸိၼ်ႇထိႇ |
||
| 500 | _a S-SAT: Dr. Prof Sai Aung Tun | ||
| 650 |
_aပိုၼ်းၽြႃး _926948 |
||
| 942 | _cBK | ||
| 942 | _2ddc | ||
| 999 |
_c6353 _d6353 |
||